书目信息 |
| 题名: |
家常花卉保健食谱
|
|
| 作者: | 谢英彪 编著 | |
| 分册: | ||
| 出版信息: | 南京 河海大学出版社 1998.10 |
|
| 页数: | 241页 | |
| 开本: | 19cm | |
| 丛书名: | 家常保健食谱丛书 | |
| 单 册: | ||
| 中图分类: | R247.1 | |
| 科图分类: | 62.193 | |
| 主题词: | 保健--食谱 , 食谱--保健 | |
| 电子资源: | ||
| ISBN: | 7-5630-1298-2 | |
| 000 | 00766cam2 2200265 45 | |
| 001 | 0199016641 | |
| 005 | 20070606094907.85 | |
| 010 | @a7-5630-1298-2@dCNY10.00 | |
| 100 | @a19990325d1998 em y0chiy0121 ea | |
| 101 | 0 | @achi |
| 102 | @aCN@b320000 | |
| 105 | @ay z 000yy | |
| 200 | 1 | @a家常花卉保健食谱@AJia Chang Hua Hui Bao Jian Shi Pu@f谢英彪等编著@FXie Ying Biao Deng Bian Zhu |
| 210 | @a南京@c河海大学出版社@d1998.10 | |
| 215 | @a241页@d19cm | |
| 225 | 2 | @a家常保健食谱丛书@h第一辑@v8 |
| 410 | 0 | @12001 @a家常保健食谱丛书 |
| 606 | @a保健@x食谱 | |
| 606 | @a食谱@x保健 | |
| 690 | @aR247.1@v3 | |
| 692 | @a62.193@v2 | |
| 701 | 0 | @a谢英彪@AXie Ying Biao@4编著 |
| 801 | 0 | @aCN@bNLC@c20070606 |
| 905 | @aBZT@dR247.1@e239 | |
| 906 | @dCNY10.00@n0@r1 | |
| 家常花卉保健食谱/谢英彪等编著.-南京:河海大学出版社,1998.10 |
| 241页;19cm.-(家常保健食谱丛书.第一辑;8) |
| ISBN 7-5630-1298-2:CNY10.00 |
| ● |
| 相关链接 |
|
|
|
正题名:家常花卉保健食谱
索取号:R247.1/239
 
预约/预借
| 序号 | 登录号 | 条形码 | 馆藏地/架位号 | 状态 | 备注 |
| 1 | 542944 | 230137936 | 中心书库中库/ 中库004架A面1列2层44/ [索取号:R247.1/239] | 在馆 | |
| 2 | 542945 | 230137929 | 中心书库中库/ 中库004架A面1列2层51/ [索取号:R247.1/239] | 在馆 | |
| 3 | 542946 | 230137935 | 中心书库中库/ 中库004架A面1列2层49/ [索取号:R247.1/239] | 在馆 | |
| 4 | 542947 | 230137934 | 中心书库中库/ 中库004架A面1列2层42/ [索取号:R247.1/239] | 在馆 | |
| 5 | 542948 | 230137928 | 中心书库中库/ 中库004架A面1列2层45/ [索取号:R247.1/239] | 在馆 | |
| 6 | 542949 | 230137933 | 中心书库中库/ 中库004架A面1列2层43/ [索取号:R247.1/239] | 在馆 | |
| 7 | 542950 | 230137932 | 中心书库中库/ 中库004架A面1列2层50/ [索取号:R247.1/239] | 在馆 | |
| 8 | 542951 | 230137937 | 中心书库中库/ 中库004架A面1列2层47/ [索取号:R247.1/239] | 在馆 | |
| 9 | 542952 | 230137931 | 中心书库中库/ 中库004架A面1列2层48/ [索取号:R247.1/239] | 在馆 | |
| 10 | 542953 | 230137930 | 中心书库中库/ 中库004架A面1列2层46/ [索取号:R247.1/239] | 在馆 |